000 01052cam a22003257a 4500
003 CHAP
005 20220817040904.0
008 971013s1991 r 00010 d
010 _a2179
011 _a3151
035 _a2351
040 _cCHAP
090 _aTesis
100 0 0 _aMartínez Cruz, Rodolfo.
_971955
245 0 _aIntroducción de tecnología
_b: cebada maltera, Apan, Hgo.
260 _aChapingo, Méx. :
_bEl Autor,
_c1991
300 _a80 h.
502 _aTesis (Ing. Agr. Esp. en Economía Agrícola) -- UACH. Departamento en Economía Agrícola
590 _aALEPH
_b10
_c20130110
_lUCH01
_h1212
590 _aBATCH-UPD
_b10
_c20130110
_lUCH01
_h1548
590 _aBATCH-UPD
_b10
_c20130410
_lUCH01
_h0947
590 _aBATCH-UPD
_b10
_c20130914
_lUCH01
_h0903
590 _aCONVERSION
_b10
_c20130109
_lUCH01
_h1302
650 1 4 _aAgricultura
_xInnovaciones tecnológicas.
_91565
650 1 4 _aCebada maltera.
650 1 4 _aCebada
_xHidalgo.
_920685
901 _aBK
942 _cTESIS
949 _bBC
_cTES
_d-11851
_eTS1
_h24436
_i2351
_si
999 _c2179
_d2179